<?xml version="1.0" encoding="UTF-8"?>
<record
    xmlns:xsi="http://www.w3.org/2001/XMLSchema-instance"
    xsi:schemaLocation="http://www.loc.gov/MARC21/slim http://www.loc.gov/standards/marcxml/schema/MARC21slim.xsd"
    xmlns="http://www.loc.gov/MARC21/slim">

  <leader>01802nam a22002537a 4500</leader>
  <controlfield tag="008">160608b        xxu||||| |||| 00| 0 eng d</controlfield>
  <datafield tag="082" ind1=" " ind2=" ">
    <subfield code="a">701.18</subfield>
    <subfield code="b">C122a</subfield>
  </datafield>
  <datafield tag="100" ind1=" " ind2=" ">
    <subfield code="a">Lopez, Miguel A. ; Martinho, Tet&#xE9; (Editor)</subfield>
    <subfield code="9">5179</subfield>
  </datafield>
  <datafield tag="245" ind1=" " ind2=" ">
    <subfield code="a">Alliances of Vulnerable bodies </subfield>
    <subfield code="b">Feminis, queer activism, and visual culture </subfield>
    <subfield code="c">Lopez, Miguel A. ; Martinho, Tet&#xE9; (Editor)</subfield>
  </datafield>
  <datafield tag="260" ind1=" " ind2=" ">
    <subfield code="a">Sao paulo </subfield>
    <subfield code="b">Servico social do comercio</subfield>
    <subfield code="c">2015</subfield>
  </datafield>
  <datafield tag="300" ind1=" " ind2=" ">
    <subfield code="a">136 pag</subfield>
    <subfield code="b">ill. col</subfield>
    <subfield code="c">24 cm </subfield>
  </datafield>
  <datafield tag="505" ind1=" " ind2=" ">
    <subfield code="t">Editorial.</subfield>
    <subfield code="r">Solange O. Farkas. Tet&#xE9; Martinho. </subfield>
    <subfield code="t">Alliances of vulnerable bodies.</subfield>
    <subfield code="r">Miguel Lopez </subfield>
    <subfield code="t">The Porn-Art movement in Brazil/ "Fictional Genealogies" of southern pornographies.</subfield>
    <subfield code="r">Fernanda Nogueira</subfield>
    <subfield code="t">Dedication: a promptuary. </subfield>
    <subfield code="r">Catherine Lord </subfield>
    <subfield code="t">Implicated: Feminist art histories and affective pasts.  </subfield>
    <subfield code="r">Julia Bryan - Wilson</subfield>
    <subfield code="t">How many  "Hijas de perras" does it take to blow up world? Transgenic writting as homage to hija de perra (1980-2014)</subfield>
    <subfield code="r">Lucha Venegas, Cristian Cabello, and Jorge D&#xED;az_ (CUDS, Chile)</subfield>
    <subfield code="t">Biji Diva! </subfield>
    <subfield code="r">Ming Wong </subfield>
    <subfield code="t">Museum, urban detritus, and pornography.</subfield>
    <subfield code="r">Paul B. Preciado</subfield>
    <subfield code="t">Voice to rhe movements of desire. </subfield>
    <subfield code="r">Serigrafistas Queer</subfield>
    <subfield code="t">Image Credits </subfield>
    <subfield code="t">Credits </subfield>
    <subfield code="t">It includes magazine "oiga 78, n&#xAA; 44"  and stencil</subfield>
  </datafield>
  <datafield tag="600" ind1=" " ind2=" ">
    <subfield code="a">Miguel A. Lopez</subfield>
    <subfield code="9">4650</subfield>
  </datafield>
  <datafield tag="653" ind1=" " ind2=" ">
    <subfield code="a">Critica y apreciac&#xF3;n - Arte </subfield>
    <subfield code="a">Arte - Feminismos </subfield>
    <subfield code="a">Arte - ensayos visuales </subfield>
    <subfield code="a">Arte - Activismo Homosexual </subfield>
    <subfield code="a">Arte y Cultura Visual </subfield>
    <subfield code="a">Arte - Porno</subfield>
  </datafield>
  <datafield tag="700" ind1=" " ind2=" ">
    <subfield code="a">Solange O. Farkas. Tet&#xE9; Martinho. </subfield>
    <subfield code="9">5180</subfield>
  </datafield>
  <datafield tag="700" ind1=" " ind2=" ">
    <subfield code="a">Miguel Lopez </subfield>
    <subfield code="9">5181</subfield>
  </datafield>
  <datafield tag="700" ind1=" " ind2=" ">
    <subfield code="a">Fernanda Nogueira</subfield>
    <subfield code="9">5182</subfield>
  </datafield>
  <datafield tag="700" ind1=" " ind2=" ">
    <subfield code="a">Catherine Lord </subfield>
    <subfield code="9">5183</subfield>
  </datafield>
  <datafield tag="700" ind1=" " ind2=" ">
    <subfield code="a">Julia Bryan - Wilson</subfield>
    <subfield code="9">5184</subfield>
  </datafield>
  <datafield tag="700" ind1=" " ind2=" ">
    <subfield code="a">Lucha Venegas, Cristian Cabello, and Jorge D&#xED;az_ (CUDS, Chile)</subfield>
    <subfield code="9">5185</subfield>
  </datafield>
  <datafield tag="700" ind1=" " ind2=" ">
    <subfield code="a">Ming Wong </subfield>
    <subfield code="9">5186</subfield>
  </datafield>
  <datafield tag="700" ind1=" " ind2=" ">
    <subfield code="a">Paul B. Preciado</subfield>
    <subfield code="9">5187</subfield>
  </datafield>
  <datafield tag="700" ind1=" " ind2=" ">
    <subfield code="a">Serigrafistas Queer</subfield>
    <subfield code="9">5188</subfield>
  </datafield>
  <datafield tag="999" ind1=" " ind2=" ">
    <subfield code="c">949</subfield>
    <subfield code="d">949</subfield>
  </datafield>
  <datafield tag="952" ind1=" " ind2=" ">
    <subfield code="0">0</subfield>
    <subfield code="1">0</subfield>
    <subfield code="2">ddc</subfield>
    <subfield code="4">0</subfield>
    <subfield code="7">0</subfield>
    <subfield code="a">LV</subfield>
    <subfield code="b">LV</subfield>
    <subfield code="c">Pensamiento</subfield>
    <subfield code="d">2016-06-08</subfield>
    <subfield code="l">1</subfield>
    <subfield code="o">701.18 C122a</subfield>
    <subfield code="p">004184</subfield>
    <subfield code="r">2018-08-04 00:00:00</subfield>
    <subfield code="s">2018-06-26</subfield>
    <subfield code="w">2016-06-08</subfield>
    <subfield code="y">01</subfield>
  </datafield>
</record>
